00499 2200193 4500001002100000005001500021035002000036245004500056100001900101260003400120020002200154008004100176082001000217084001600227650001400243650001500257650001800272990001500290INLIS00000000000004320251118085155 a0010-11250000431 aAlgoritma & Pemrograman /cRinaldi Munir1 aMunir, Rinaldi aBandung :bInformatika,c2009 a978-979-1153-17-1251118 g 0 ind  a005.1 a005.1 MUN a aAlgoritma aPemograman aIlmu Komputer a0032/TP/15